<?xml version="1.0" encoding="UTF-8"?>
<marc:record xmlns:marc="http://www.loc.gov/MARC21/slim">
   <marc:leader>00000nam a2200000 a 4500</marc:leader>
   <marc:datafield ind1="1" ind2=" " tag="100">
      <marc:subfield code="a">Fox, Candice</marc:subfield>
      <marc:subfield code="4">aut</marc:subfield>
      <marc:subfield code="e">Verfasser/-in</marc:subfield>
   </marc:datafield>
   <marc:datafield ind1="0" ind2="0" tag="245">
      <marc:subfield code="a">Dark</marc:subfield>
   </marc:datafield>
   <marc:datafield ind1="0" ind2="0" tag="245">
      <marc:subfield code="b">Thriller</marc:subfield>
   </marc:datafield>
   <marc:datafield ind1="0" ind2="0" tag="245">
      <marc:subfield code="c">Fox, Candice</marc:subfield>
   </marc:datafield>
   <marc:datafield ind1=" " ind2="1" tag="264">
      <marc:subfield code="b">Suhrkamp Verlag</marc:subfield>
      <marc:subfield code="c">2021</marc:subfield>
   </marc:datafield>
   <marc:datafield ind1="1" ind2=" " tag="520">
      <marc:subfield code="a">Eine verurteilte Mörderin. Eine talentierte Diebin. Eine skrupellose Gangsterin. Eine desillusionierte Ermittlerin. Zusammen sind sie die einzige Hoffnung eines vermissten Mädchens.   Los Angeles. Dayly, die Tochter der unverbesserlichen Diebin Sneak Lawlor, ist verschwunden. Sneak bittet ihre ehemalige Zellengenossin, die wegen Mordes verurteilte und gerade entlassene Ärztin Blair Harbour um Hilfe. In ihrer Not wenden sich die beiden Frauen auch an die Polizistin Jessica Sanchez, die gerade ein 7-Millionen Haus geerbt hat und von ihren Kollegen deswegen gehasst wird. Und weil die Spur der wie vom Erdboden verschluckten Dayly ins kriminelle Milieu führt, stößt auch noch die ultraharte Gangsterin Ada Maverick zu der Truppe. Denn es geht um Geld, um sehr viel Geld. In der Todeszelle sitzt derweil der Bankräuber und Mörder Fishback und zieht die Fäden.</marc:subfield>
   </marc:datafield>
   <marc:datafield ind1=" " ind2=" " tag="041">
      <marc:subfield code="a">ger</marc:subfield>
   </marc:datafield>
   <marc:datafield ind1=" " ind2=" " tag="338">
      <marc:subfield code="a">Band</marc:subfield>
   </marc:datafield>
</marc:record>
